000 00389 a2200169 4500
001 157078
020 _a9788574421711
040 _cEscola São Tomás de Aquino
100 _aAQUINO, Mônica de
240 1 0 _aUm coelho de cartola
_lpor
245 1 0 _aUm coelho de cartola
300 _a52 p.
362 0 _a2016
440 1 _aMiguilim
697 _a*LITERATURA INFANTIL
942 _cBK
999 _c157078
_d157078